000 00442nam a2200169 i 4500
001 bg
100 1 _aSIKORSKI, Ryszard Tadeusz
245 0 _aPodstawy chemii i technologii polimerów /
_cRyszard Tadeusz Sikorski.
250 _aWyd.2.
260 _aWarszawa :
_bPWN,
_c1985.
650 9 _aPolimery
_xchemia
650 9 _aPolimery
_xtechnologia
040 _cBPK
041 _apol
942 _cKS
008 s pl f |000 0 pol
999 _c2385
_d2385
856 _uhttp://koha.tu.koszalin.pl/cgi-bin/koha/opac-detail.pl?biblionumber=2385
_yKatalog online BPK